| 000 | 00651cam a2200241ua 4500 | ||
|---|---|---|---|
| 001 | 10076 | ||
| 005 | 20260515114549.0 | ||
| 008 | 170329n ii |||gr||||Z||||||asm | ||
| 020 | _a9789381784341 | ||
| 040 | _cMAIN | ||
| 041 | _aasm | ||
| 082 | _a370.54 | ||
| 100 |
_aChaliha, Beda Kumar, _eAuthor. |
||
| 245 |
_aShikshar samasamoyik dhara _cBy Beda Kumar Chaliha, Tarun Saikia and Runu Bora Saikia |
||
| 250 | _a4th rev. ed. | ||
| 260 |
_aJorhat: _bBidya bhawan, _c2016. |
||
| 300 | _a362p. | ||
| 653 | _aEducation | ||
| 653 | _aIndian education | ||
| 700 |
_aSaikia, Tarun, _eAuthor. |
||
| 700 |
_aSaikia, Runu Bora, _eAuthor. |
||
| 942 | _cBK | ||
| 999 |
_c9067 _d9067 |
||